000 01479nam a2200433 i 4500
001 37503
003 KOSZ 005
005 20220607101551.0
008 970903s1990 pl a |001 0 pol
015 _aUWD 1990/5773
020 _a8320413206
035 _a991002318109705066
035 _a(PL-WaBN)b10639901-48omnis_nlop
035 _ab10639901
035 _a(OCoLC)749400339
035 _azz2003921754
035 _a(PL)b0000001063990
035 _a(EXLNZ-48OMNIS_NETWORK)9910303332505606
040 _aWA N
_cWA N
_dKOSZ 005/HR
046 _k1990
080 _a004.438
100 1 _aSzczepkowicz, Jerzy
_d(1940-1997)
_eAutor
245 1 0 _aTURBO PASCAL 5.0 z przykładami konstrukcji oprogramowania podstawowego /
_cJerzy Szczepkowicz.
260 _aWarszawa :
_bWydawnictwa Naukowo-Techniczne,
_c1990.
300 _a416, [2] s. :
_brys., wykr. ;
_c24 cm.
336 _aTekst
_btxt
_2rdacontent
337 _aBez urządzenia pośredniczącego
_bn
_2rdamedia
338 _aWolumin
_bnc
_2rdacarrier
380 _aKsiążki
388 _a1901-2000
388 _a1989-2000
504 _aBibliogr. s. 408. - Indeksy.
650 7 _aPASCAL (język programowania)
_2DBN
658 _aInformatyka i technologie informacyjne
710 2 _aWydawnictwa Naukowo-Techniczne
_4pbl
856 _uhttp://koha.tu.koszalin.pl/cgi-bin/koha/opac-detail.pl?biblionumber=37503
_yKatalog online BPK
942 _2UKD
_cKS
999 _c37503
_d37503